000 00363nam a22001457a 4500
003 MACL
005 20170530130859.0
008 170530b xxu||||| |||| 00| 0 eng d
040 _cMACL
100 _aUpadhyay Vani
_965675
245 _aThe Battle of Kurukshetra
260 _aDelhi
_bChildren Book Centre
_c2014
650 _aChildren
_967275
942 _2ddc
_cBK
999 _c56411
_d56411